Literatura infantil para la imaginación y el pensamiento crítico : (Registro nro. 7438)

Detalles MARC
000 -LIDER
fixed length control field 01069nam a2200301 a 4500
001 - NÚMERO DE CONTROL
Identificador de número de control 000038526
003 - IDENTIFICACDOR DE NÚMERO DE CONTROL
control field DO-SdBNP
005 - DATE AND TIME OF LATEST TRANSACTION
control field 20230510115747.0
007 - CAMPOS FIJOS DE DESCRIPCIÓN FÍSICA
fixed length control field 000038526
008 - ELEMENTOS DE LONGITUD FIJA
fixed length control field 130412s2012 dr ac 000 0 spa d
020 ## - ISBN
International Standard Book Number 9789945453232
040 ## - FUENTE DE CATALOGACIÓN
Agencia que crea de manera original el registro BPMSU
Idioma de catalogación spa
Agencia que realiza la transcripción BPMSU
082 #4 - NÚMERO DE CLASIFICACIÓN DECIMAL DE DEWEY
Classification number RD861.44
Item number C965L 2012
Edition number 22
100 1# - ASIENTO PRINCIPAL -- NOMBRE PERSONAL
Nombre personal Cuevas, Juliao
Fechas asociadas con el nombre 1955-
245 10 - MENCIÓN DE TITULO
Título Literatura infantil para la imaginación y el pensamiento crítico :
Subtítulo (métodos y técnicas para su uso) /
Mención de responsabilidad Julio Cuevas ; editor Rafael Paulino ; prólogo Juan Byrón.
260 ## - PUBLICACIÓN, DISTRIBUCIÓN, ETC. (PIE DE IMPRENTA)
Lugar de publicación, distribución, etc Santo Domingo :
Nombre del editor, distribuidor, etc. Editorial Somos Literatura,
Fecha de publicación, distribución, etc 2012.
300 ## - DESCRIPCIÓN FÍSICA
Extensión 92 p. :
Otros detalles físicos il.,
Dimensiones 21 cm.
500 ## - NOTA GENERAL
Nota general Incluye datos biográfico del autor en la solapa de la cubierta
590 ## - NOTA LOCAL
Enlace Inventariado, 2023/VM
650 #4 - ENCABEZAMIENTO DE MATERIA--TEMÁTICO
Término temático o nombre geográfico como elemento de entrada Poesía infantil dominicana
650 #4 - ENCABEZAMIENTO DE MATERIA--TEMÁTICO
Término temático o nombre geográfico como elemento de entrada Poesía
Subdivisión temática general Estudio y enseñanza.
650 #4 - ENCABEZAMIENTO DE MATERIA--TEMÁTICO
Término temático o nombre geográfico como elemento de entrada pensamiento creativo
650 #4 - ENCABEZAMIENTO DE MATERIA--TEMÁTICO
Término temático o nombre geográfico como elemento de entrada Animación a la lectura
700 1# - ASIENTO SECUNDARIO -- NOMBRE PERSONAL
Nombre personal Paulino, Rafael
Mención de responsabilidad ed.
700 1# - ASIENTO SECUNDARIO -- NOMBRE PERSONAL
Nombre personal Byrón, Juan
Mención de responsabilidad pról.
910 ## - VALIDACIÓN
Validación VMateo V. Control de calidad (BPMSU)
942 ## - ADDED ENTRY ELEMENTS (KOHA)
Source of classification or shelving scheme Dewey Decimal Classification
Koha item type Libros
Existencias
Withdrawn status Lost status Source of classification or shelving scheme Damaged status Not for loan Collection code Home library Current library Date acquired Full call number Barcode Date last seen Price effective from Koha item type
    Dewey Decimal Classification     Colección Infantil Dominicana Biblioteca Pública Metropolitana Salomé Ureña Biblioteca Pública Metropolitana Salomé Ureña 02/19/2015 BPMSU CDI RD861.44 C965L 2012 BPMSU15041373 02/19/2015 02/19/2015 Libros